| 000 | 00791nam a22001577a 4500 | ||
|---|---|---|---|
| 003 | OSt | ||
| 005 | 20160208163757.0 | ||
| 008 | 160208b xxu||||| |||| 00| 0 eng d | ||
| 040 | _cRUA | ||
| 082 | _aMGR KY 2004 B373 Or.1 | ||
| 100 |
_96988 _aKY VANNARITH, គី វណ្ណារិទ្ធ |
||
| 245 | _aFisheries agro-ecosystem and health risk approaches in stung chinit irrigation project at kompong thom province, ស្ថានភាបប្រព័ន្ធសិកម្មនេសាទ និងឥទ្ធិពលទៅលើសុខភាពនៅតំបន់គំរោងសាងសងទំនប់ស្ទឹងជីនិត ខេត្តកំពង់ធំ | ||
| 260 |
_aPhnom Penh _bRUA _c2004 |
||
| 300 |
_ax; 60p. _bill. _c29cm. |
||
| 942 |
_2ddc _cNRM |
||
| 999 |
_c6576 _d6576 |
||